000 00556cam a2200145 4500500
005 20260208002409.0
041 _afre
042 _adc
100 1 0 _aGiafferi-Dombre, Natacha
_eauthor
245 0 0 _aKatherine E. Brown, Creole Economics : Carribean Cunning under the French Flag, Austin, University of Texas Press, 2004, XVI + 271 p., ill.
260 _c2007.
500 _a38
786 0 _nL'Homme | 182 | 2 | 2007-04-01 | p. 241j-303j | 0439-4216
856 4 1 _uhttps://shs.cairn.info/revue-l-homme-2007-2-page-241j?lang=fr&redirect-ssocas=7080
999 _c1646121
_d1646121